Amazing aircraft / (Record no. 3588)

MARC details
000 -LEADER
fixed length control field 00811pam a22002654a 4500
005 - DATE AND TIME OF LATEST TRANSACTION
control field 20240321142215.0
020 ## - INTERNATIONAL STANDARD BOOK NUMBER
International Standard Book Number 651495003955
040 ## - CATALOGING SOURCE
Original cataloging agency DLC
Transcribing agency DLC
Modifying agency IG#
-- DLC
Language of cataloging eng
050 00 - LIBRARY OF CONGRESS CALL NUMBER
Classification number TL670.S54
082 00 - DEWEY DECIMAL CLASSIFICATION NUMBER
Classification number 629.133
100 1# - MAIN ENTRY--PERSONAL NAME
Personal name Simon, Seymour
245 10 - TITLE STATEMENT
Title Amazing aircraft /
Statement of responsibility, etc. Seymour Simon
260 ## - PUBLICATION, DISTRIBUTION, ETC.
Place of publication, distribution, etc. San Francisco :
Name of publisher, distributor, etc. SeaStar Books,
Date of publication, distribution, etc. 2002
300 ## - PHYSICAL DESCRIPTION
Extent 32 unnumbered pages :
Other physical details color illustrations ;
Dimensions 24 cm.
490 ## - SERIES STATEMENT
Series statement SeeMore readers
Volume/sequential designation Level 2
505 ## - FORMATTED CONTENTS NOTE
Formatted contents note Z <br/>
520 ## - SUMMARY, ETC.
Summary, etc. Provides an easy-to-read overview of the history of aircraft.
521 ## - TARGET AUDIENCE NOTE
Target audience note 900 <br/>
Source Lexile NC <br/>
521 ## - TARGET AUDIENCE NOTE
Target audience note Z <br/>
Source Raz-Plus <br/>
650 #0 - SUBJECT ADDED ENTRY--TOPICAL TERM
Topical term or geographic name entry element Airplanes
General subdivision History
Form subdivision Juvenile literature
650 #1 - SUBJECT ADDED ENTRY--TOPICAL TERM
Topical term or geographic name entry element Airplanes
General subdivision History
906 ## - LOCAL DATA ELEMENT F, LDF (RLIN)
a 7
b cbc
c orignew
d 1
e ecip
f 20
g y-gencatlg
942 ## - ADDED ENTRY ELEMENTS (KOHA)
Source of classification or shelving scheme Dewey Decimal Classification
Koha item type Books
Suppress in OPAC No
999 ## -
-- 3588
-- 3588
Holdings
Withdrawn status Lost status Source of classification or shelving scheme Damaged status Not for loan Collection Home library Current library Shelving location Date acquired Total Checkouts Full call number Barcode Date last seen Price effective from Koha item type Copy number
    Dewey Decimal Classification     Non-Fiction Footprints International School Library Network Toul Kork Campus Footprints International School Library Network Toul Kork Campus TTP Secondary Non-Fiction Bookshelves 03/21/2024   SIM 629.133 TL670.S54 FIS03494 03/21/2024 03/21/2024 Books  
    Dewey Decimal Classification     Non-Fiction Footprints International School Library Network Toul Kork Campus Footprints International School Library Network Toul Kork Campus A TK Campus, 4th Floor, Room B401, Non-Fiction Bookcases(7-8) 10/31/2024   SIM 629.133 TL670.S54 FISTK01239 10/31/2024 10/31/2024 Books 2